Cartography in Japan

Bibliographic Details
Published in:The history of cartography, J.B. Harley and David Woodward, Chicago [etc.], p. 346-477 (2)
Main Author: Unno, Kazutaka
Content type: Article
Published: 1994
Source:MPIPL_cat

MARC

LEADER 00000naa a2200000 u 4500
001 PL0063302
003 PLI01000000000000000061530
005 00000000000000.0
008 ||| u
100 1 |a Unno, Kazutaka 
245 0 0 |a Cartography in Japan  |c Katzutaka Unno 
260 |c 1994 
773 0 8 |t The history of cartography  |a J.B. Harley and David Woodward  |k 2  |d Chicago [etc.]  |g p. 346-477  |w MPIPL_cat.PL0063291  |z 0-226-31637-8  |i In: 
952 |h p. 346-477 
996 |a Aufsatz 
997 |a book chapter